Normal view
MARC view
- Hamza Nadeem Abeera Hussain sohail Gohar Afroze
Entry Personal Name
001 - CONTROL NUMBER
- control field: 71863
003 - CONTROL NUMBER IDENTIFIER
- control field: NUST
005 - DATE AND TIME OF LATEST TRANSACTION
- control field: 20210628204710.0
008 - FIXED-LENGTH DATA ELEMENTS
- fixed length control field: 210628|| aca||aabn | a|a d
040 ## - CATALOGING SOURCE
- Original cataloging agency: NUST
- Transcribing agency: NUST
100 ## - HEADING--PERSONAL NAME
- Personal name: Hamza Nadeem Abeera Hussain sohail Gohar Afroze
670 ## - SOURCE DATA FOUND
- Source citation: Work cat.: (NUST): Hamza Nadeem Abeera Hussain sohail Gohar Afroze, PR-SOF-1683-MACHINE VISION SYSTEM ,FOR QUALITY CHECK, 2018
